<?xml version="1.0" encoding="UTF-8"?>
<record
    xmlns:xsi="http://www.w3.org/2001/XMLSchema-instance"
    xsi:schemaLocation="http://www.loc.gov/MARC21/slim http://www.loc.gov/standards/marcxml/schema/MARC21slim.xsd"
    xmlns="http://www.loc.gov/MARC21/slim">

  <leader>02988nam a2200553Ia 4500</leader>
  <controlfield tag="001">2407</controlfield>
  <controlfield tag="008">241029s9999    xx            000 0 und d</controlfield>
  <datafield tag="010" ind1=" " ind2=" ">
    <subfield code="a">2260</subfield>
  </datafield>
  <datafield tag="041" ind1=" " ind2=" ">
    <subfield code="a">Espa&#xF1;ol</subfield>
  </datafield>
  <datafield tag="082" ind1=" " ind2=" ">
    <subfield code="a">NO APLICA</subfield>
  </datafield>
  <datafield tag="245" ind1=" " ind2="0">
    <subfield code="a">Niveles de conocimiento sobre Evaluaci&#xF3;n en Docentes de asignatura cl&#xED;nica de la carrera de Medicina, de la Universidad Central del Este, San Pedro de Macor&#xED;s, Rep&#xFA;blica Dominicana, Septiembre-Diciembre 2010</subfield>
  </datafield>
  <datafield tag="260" ind1=" " ind2=" ">
    <subfield code="a">San Pedro de Macor&#xED;s</subfield>
  </datafield>
  <datafield tag="300" ind1=" " ind2=" ">
    <subfield code="a">71</subfield>
  </datafield>
  <datafield tag="520" ind1=" " ind2=" ">
    <subfield code="a">23</subfield>
  </datafield>
  <datafield tag="630" ind1=" " ind2=" ">
    <subfield code="a">Docentes</subfield>
  </datafield>
  <datafield tag="630" ind1=" " ind2=" ">
    <subfield code="a">Evaluaci&#xF3;n</subfield>
  </datafield>
  <datafield tag="650" ind1=" " ind2=" ">
    <subfield code="a">Evaluaci&#xF3;n</subfield>
  </datafield>
  <datafield tag="690" ind1=" " ind2=" ">
    <subfield code="a">Elaborado</subfield>
  </datafield>
  <datafield tag="700" ind1=" " ind2=" ">
    <subfield code="e">asesor</subfield>
    <subfield code="a"> Pe&#xF1;a, Teresa</subfield>
  </datafield>
  <datafield tag="700" ind1=" " ind2=" ">
    <subfield code="e">autor</subfield>
    <subfield code="a">Seijas Lluberes, Elizabeth </subfield>
  </datafield>
  <datafield tag="700" ind1=" " ind2=" ">
    <subfield code="e">autor</subfield>
    <subfield code="a"> Lee Aguilera, &#xC3;&#x81;ngel de Jes&#xFA;s</subfield>
  </datafield>
  <datafield tag="700" ind1=" " ind2=" ">
    <subfield code="e">asesor</subfield>
    <subfield code="a">Joa, David </subfield>
  </datafield>
  <datafield tag="901" ind1=" " ind2=" ">
    <subfield code="a">{"1":"Seijas Lluberes","2":" Lee Aguilera"}</subfield>
    <subfield code="b">{"1":"Elizabeth ","2":"&#xC3;&#x81;ngel de Jes&#xFA;s"}</subfield>
  </datafield>
  <datafield tag="902" ind1=" " ind2=" ">
    <subfield code="a">2</subfield>
  </datafield>
  <datafield tag="903" ind1=" " ind2=" ">
    <subfield code="a">{"1":"Joa","2":" Pe&#xF1;a"}</subfield>
    <subfield code="b">{"1":"David ","2":"Teresa"}</subfield>
  </datafield>
  <datafield tag="904" ind1=" " ind2=" ">
    <subfield code="a">Mag&#xED;ster en</subfield>
  </datafield>
  <datafield tag="905" ind1=" " ind2=" ">
    <subfield code="a">Educaci&#xF3;n Superior</subfield>
  </datafield>
  <datafield tag="906" ind1=" " ind2=" ">
    <subfield code="a">1</subfield>
  </datafield>
  <datafield tag="907" ind1=" " ind2=" ">
    <subfield code="a">Menci&#xF3;n en</subfield>
  </datafield>
  <datafield tag="908" ind1=" " ind2=" ">
    <subfield code="a">Docencia</subfield>
  </datafield>
  <datafield tag="909" ind1=" " ind2=" ">
    <subfield code="a">Universidad Central del Este (UCE)</subfield>
  </datafield>
  <datafield tag="910" ind1=" " ind2=" ">
    <subfield code="a">NULL</subfield>
    <subfield code="b">NULL</subfield>
  </datafield>
  <datafield tag="911" ind1=" " ind2=" ">
    <subfield code="a">["1"]</subfield>
  </datafield>
  <datafield tag="912" ind1=" " ind2=" ">
    <subfield code="a">NO APLICA</subfield>
  </datafield>
  <datafield tag="913" ind1=" " ind2=" ">
    <subfield code="a">NULL</subfield>
  </datafield>
  <datafield tag="914" ind1=" " ind2=" ">
    <subfield code="a">06 de Diciembre de 2010</subfield>
  </datafield>
  <datafield tag="915" ind1=" " ind2=" ">
    <subfield code="a">NULL</subfield>
  </datafield>
  <datafield tag="916" ind1=" " ind2=" ">
    <subfield code="a">NULL</subfield>
  </datafield>
  <datafield tag="917" ind1=" " ind2=" ">
    <subfield code="a">NULL</subfield>
  </datafield>
  <datafield tag="918" ind1=" " ind2=" ">
    <subfield code="a">NO APLICA</subfield>
  </datafield>
  <datafield tag="919" ind1=" " ind2=" ">
    <subfield code="a">["70","97"]</subfield>
  </datafield>
  <datafield tag="520" ind1=" " ind2=" ">
    <subfield code="a">El estudio plante&#xF3; como objetivo principal determinar los niveles de conocimientos sobre evaluaci&#xF3;n en docentes de las asignaturas cl&#xED;nicas de la carrera de Medicina de la universidad Central del Este, San Pedro de Macor&#xED;s, en el per&#xED;odo septiembre-diciembre 2010.La metodolog&#xED;a utilizada fue de corte cuantitativo, descriptivo y transversal, el universo de docentes de la asignaturas cl&#xED;nicas del 10mo y 12vo semestre de carrera de medicina eran 128 docentes de los que tom&#xF3; una muestra de 47 docentes seleccionado mediante la f&#xF3;rmula cient&#xED;fica estad&#xED;stica de c&#xE1;lculo de muestra con &#xED;ndice de confianza de 95% y una precisi&#xF3;n de 0.05%.El estudio concluy&#xF3; que el 55.3% de la poblaci&#xF3;n estudiada han hecho alg&#xFA;n curso de evaluaci&#xF3;n, el 93.6% considera que el paternalismo afecta la evaluaci&#xF3;n, el 95.7% considera que una mala evaluaci&#xF3;n afecta el &#xED;ndice acad&#xE9;mico de los estudiantes, el 93.6% tiene concepto claro de lo que es la evaluaci&#xF3;n en la Educaci&#xF3;n Superior, el 100% de los docentes le explican a los estudiantes como van a ser evaluado al inicio del semestre y el 100% considera que no es correcto evaluar al ojo por ciento.El estudio recomend&#xF3; crear y fomentar talleres de entrenamiento y capacitaci&#xF3;n docente dirigido por expertos en Educaci&#xF3;n Superior e ir creando equipo de docentes estrenados que sirvan como tutores-consejeros a los estudiantes cuyo &#xED;ndice acad&#xE9;mico sea de 3.0 o m&#xE1;s.</subfield>
  </datafield>
  <datafield tag="921" ind1=" " ind2=" ">
    <subfield code="a">2</subfield>
  </datafield>
  <datafield tag="922" ind1=" " ind2=" ">
    <subfield code="a">2</subfield>
  </datafield>
  <datafield tag="923" ind1=" " ind2=" ">
    <subfield code="a">0</subfield>
  </datafield>
  <datafield tag="924" ind1=" " ind2=" ">
    <subfield code="a">NO APLICA</subfield>
  </datafield>
  <datafield tag="942" ind1=" " ind2=" ">
    <subfield code="c">Tesis</subfield>
  </datafield>
  <datafield tag="999" ind1=" " ind2=" ">
    <subfield code="c">2260</subfield>
    <subfield code="d">2260</subfield>
  </datafield>
</record>
